Course In Mental Ability And Quantitative Aptitude For Competitive Examiniations (Record no. 306679)

MARC details
000 -LEADER
fixed length control field 00457nam a2200169Ia 4500
008 - FIXED-LENGTH DATA ELEMENTS--GENERAL INFORMATION
fixed length control field 230718s9999 xx 000 0 und d
041 ## - LANGUAGE CODE
Language code of text/sound track or separate title eng
082 ## - DEWEY DECIMAL CLASSIFICATION NUMBER
Classification number 372.4
Item number THO
100 ## - MAIN ENTRY--PERSONAL NAME
Personal name Thorpe E.
9 (RLIN) 108756
245 ## - TITLE STATEMENT
Title Course In Mental Ability And Quantitative Aptitude For Competitive Examiniations
250 ## - EDITION STATEMENT
Edition statement 2nd ed.
260 ## - PUBLICATION, DISTRIBUTION, ETC. (IMPRINT)
Date of publication, distribution, etc. 2003
Name of publisher, distributor, etc. Tata McGraw-Hill
300 ## - PHYSICAL DESCRIPTION
Extent 435
365 ## - TRADE PRICE
Currency code Rs.
Price amount 150.00
700 ## - ADDED ENTRY--PERSONAL NAME
Personal name Thorpe E.
9 (RLIN) 108756
906 ## - LOCAL DATA ELEMENT F, LDF (RLIN)
c OTH
b 30
Holdings
Withdrawn status Lost status Source of classification or shelving scheme Reference No Damaged status Not for loan Home library Current library Date acquired Vendor Budget Code Cost, normal purchase price Full call number Barcode Date last seen Discount Cost, replacement price Bill Date Koha item type Original Barcode
    Dewey Decimal Classification Ref 196 G (17886)     Cummins College of Engineering for Women Pune Cummins College of Engineering for Women Pune 13/02/2004 Technical Book Services OTH 120.00 372.4 CCEP-BK-17886 18/07/2023 30 150.00 18/07/2023 Books 017886